Вып. 41; Детали машин

Бібліографічні деталі
Parent link:Детали машин: республиканский межведомственный научно-технический сборник/ Одесский политехнический институт ; отв. ред. К. И. Заблонский. Вып. 41.— , 1965-1990
Мова:Російська
Опубліковано: 1985
Предмети:
Формат: Книга
KOHA link:https://koha.lib.tpu.ru/cgi-bin/koha/opac-detail.pl?biblionumber=275809

MARC

LEADER 00000nam2a2200000 4500
001 275809
005 20231101234848.0
035 |a (RuTPU)RU\TPU\book\299061 
090 |a 275809 
100 |a 20141117d1985 k y0rusy50 ca 
101 0 |a rus 
102 |a UA 
105 |a a z 001zy 
200 0 |a Вып. 41 
210 |d 1985 
215 |a 112 с.  |c ил. 
320 |a Библиогр. в конце ст. 
461 1 |0 (RuTPU)RU\TPU\book\160085  |t Детали машин  |o республиканский межведомственный научно-технический сборник  |f Одесский политехнический институт ; отв. ред. К. И. Заблонский  |v Вып. 41  |d 1965-1990 
606 1 |a Детали машин  |2 stltpush  |3 (RuTPU)RU\TPU\subj\9144  |9 36422 
610 1 |a механические передачи 
610 1 |a зубчатые передачи 
610 1 |a силовые потоки 
610 1 |a нагружение 
610 1 |a долговечность 
675 |a 621.8  |v 3 
801 1 |a RU  |b 63413507  |c 20141117 
801 2 |a RU  |b 63413507  |c 20151014  |g RCR 
942 |c BK